Statistics for Nadopuni Stih - Razno #1

Click here to take the quiz!

General Stats

  • This quiz has been taken 1 269 times
  • The average score is 8 of 15

Answer Stats

Answer% Correct
Za nama zatvaram sve
{Vrata} {i} {prozore}
Da ova ljubav nikad ne pobjegne
90%
Kako je dobro {vidjeti} {te} {opet}
Staviti ruke na tvoja ramena
87%
Ko minus i plus, ko {amer} {i} {rus}
U mom svijetu ti si korov, a ja hibiskus
86%
Ne zovi mama, ma ne zovi doktora
Jer nema lijeka protiv {tog} {otrova}
73%
Piši mi brate, {piši} {mi} {fratello}
Poslat ću ti što ti srce bude htjelo
73%
Ne diraj moju ljubav, ne diraj moju bol
Previše je {suza} {bilo} u životu mom
Da time rane ličim, ne mirin se sa tim
71%
Ti, ti, ti, ti si moj hit
ti, ti si {moja} {ideja}
60%
To će biti taj dan
Objesi {Zimmer} {frei}
Lezi pod palmu i uživaj
55%
{Tražena} {si} {roba} {u} {gradu}
Svi te žele tako lijepu i mladu
A ja na pragu četrdesete
Moram dalje bez tebe
52%
Ja {Ena} nisam tvoj sin
Zapamti to
43%
Neka kraj nas jure, nek se lome prsti
{Idemo} {na} {ples}
I Svijet je opet mlad
38%
Ostani, {ovu} {noć} kad svi mi prijete
Ostani, zagrli me kao dijete
37%
{Košulju} {bilu}
Na svome tilu
Nosit ću ja
25%
{Iz} {jednog} {pogleda}
ja doznajem sve
21%
Fino razrađeno
radimo usklađeno
uživam u {podzemlju}
jer nemre bit zagađeno
5%

Score Distribution

Percentile by Number Answered

Percent of People with Each Score

Your Score History

You have not taken this quiz